02118pam a22004211i 4500001001900000003000600019005001700025006001900042007001500061008004100076015001900117020001800136035002500154035002100179035001800200037003100218040003900249042001100288050002700299100003300326245004800359264002800407300002500435520077500460650003101235650003201266650002801298650003601326650004401362650003001406650004701436655003101483655003101514776003501545942000801580952009301588999001501681991014681349707026UkOxU20251114161546.0m || d | cr |||||||||||210222s2021 enk o 000|f|eng d aGBC1701772bnb a9780356514758 a022615942-44oxf_inst a(UkOxU)022615942 a(Uk)020182295 a9780356514734bHachette UK aStDuBDSbengerdaepncStDuBDSdUk aukblsr aPR6114.O777 bN68 2021 aNorth, Claireeauthor92632110aNotes from the burning agec/ Claire North. 1aLondon :bOrbit,c2021. a437 pages ; c24 cm. aFrom one of the most imaginative writers of her generation comes an extraordinary vision of the future. Ven was once a holy man, a keeper of ancient archives. It was his duty to interpret archaic texts, sorting useful knowledge from the heretical ideas of the Burning Age – a time of excess and climate disaster. For in Ven’s world, such material must be closely guarded, so that the ills that led to that cataclysmic era can never be repeated. But when the revolutionary Brotherhood approaches Ven, pressuring him to translate stolen writings that threaten everything he once held dear, his life will be turned upside down. Torn between friendship and faith, Ven must decide how far he’s willing to go to save this new world, and how much he is willing to lose. 0aArchivistsvFiction926516 0aTranslatorsvFiction926517 0aPriestsvFiction926518 0aRevolutionariesvFiction926519 0aEnvironmental disastersvFiction926520 0aDystopiasvFiction924119 0aImaginary wars and battlesvFiction924133 0aApocalyptic fiction926521 0aThrillers (Fiction)92266908iPrint version :z9780356514758 2lcc 00102lcc4070aTBSbTBSd2025-11-14l0oP-EN NORpB06045r2025-11-14t1w2025-11-14y1 c5183d5183